NHL Teams - Sudden Death - Statistics

General Stats
  • This quiz has been taken 848 times
    805 since last reset
  • The average score is 14 of 17
Answers on the Grid
Answers color-coded by a green-red scale on the quiz's grid according to % correct below.
Pittsburgh Penguins
New York Rangers
Houston Texans
New York Islanders
Vancouver Canucks
Vegas Golden Knights
Los Angeles Rams
Detroit Red Wings
Miami Marlins
San Jose Sharks
Green Bay Packers
Cincinnati Blues
Ottawa Senators
Florida Panthers
Toronto Maple Leafs
Dallas Cowboys
Utah Hockey Club
Arizona Cacti
New York Jets
San Francisco Giants
Colorado Avalanche
Memphis Hockey Club
Los Angeles Kings
Edmonton Oilers
Alberta Hockey Club
Milwaukee Brewers
Winnipeg Jets
Toronto Raptors
Chicago Wind
Golden State Warriors
Minnesota Wild
Anaheim Ducks
 
Answer Stats
Answer % Correct
Pittsburgh Penguins
96%
New York Rangers
92%
Vancouver Canucks
91%
New York Islanders
89%
Detroit Red Wings
88%
San Jose Sharks
87%
Vegas Golden Knights
86%
Toronto Maple Leafs
84%
Ottawa Senators
82%
Florida Panthers
81%
Colorado Avalanche
78%
Edmonton Oilers
78%
Anaheim Ducks
75%
Winnipeg Jets
74%
Los Angeles Kings
72%
Minnesota Wild
72%
Utah Hockey Club
68%
No matching quizzes found
Score Distribution
Percent of People with Each Score
Percentile by Number Answered
Your Score History
You have not taken this quiz since the last reset